ბათუმის შოთა რუსთაველის სახელმწიფო უნივერსიტეტის ბიბლიოთეკა

Beginning with braille : (ბიბ.ჩანაწერი № 57917)

000 -LEADER
fixed length control field 00892cam a2200241 i 4500
001 - CONTROL NUMBER
control field 18762233
005 - DATE AND TIME OF LATEST TRANSACTION
control field 20210331155608.0
008 - FIXED-LENGTH DATA ELEMENTS--GENERAL INFORMATION
fixed length control field 150827s2016 nyu b 001 0 eng
020 ## - INTERNATIONAL STANDARD BOOK NUMBER
International Standard Book Number 9780891286981
041 ## - LANGUAGE CODE
Language code of text/sound track or separate title eng
080 ## - UNIVERSAL DECIMAL CLASSIFICATION NUMBER
Universal Decimal Classification number 003.24+376.2 S-97
100 1# - MAIN ENTRY--PERSONAL NAME
Personal name Swenson, Anna M.,
Dates associated with a name 1952-
Relator term author.
9 (RLIN) 10937
245 10 - TITLE STATEMENT
Title Beginning with braille :
Remainder of title firsthand experiences with a balanced approach to literacy /
Statement of responsibility, etc. Anna M. Swenson.
250 ## - EDITION STATEMENT
Edition statement Second edition.
264 #1 - PRODUCTION, PUBLICATION, DISTRIBUTION, MANUFACTURE, AND COPYRIGHT NOTICE
Place of production, publication, distribution, manufacture New York, NY :
Name of producer, publisher, distributor, manufacturer AFB Press,
Date of production, publication, distribution, manufacture, or copyright notice 2016.
300 ## - PHYSICAL DESCRIPTION
Extent 442 pages ;
Dimensions 28 cm.
650 #0 - SUBJECT ADDED ENTRY--TOPICAL TERM
Topical term or geographic name entry element Braille
General subdivision Study and teaching (Elementary)
Geographic subdivision United States.
9 (RLIN) 10938
650 #0 - SUBJECT ADDED ENTRY--TOPICAL TERM
Topical term or geographic name entry element Blind children
General subdivision Education
Geographic subdivision United States.
9 (RLIN) 10939
650 #0 - SUBJECT ADDED ENTRY--TOPICAL TERM
Topical term or geographic name entry element Blind children
General subdivision Books and reading
Geographic subdivision United States.
9 (RLIN) 10940
653 ## - INDEX TERM--UNCONTROLLED
keyword ბრაილის შრიფტი
653 ## - INDEX TERM--UNCONTROLLED
keyword ბრმა ბავშვები
942 ## - ADDED ENTRY ELEMENTS (KOHA)
Source of classification or shelving scheme
Koha item type წიგნი
ეგზემპლარები
Withdrawn status Lost status Source of classification or shelving scheme Damaged status Not for loan Permanent Location Current Location Shelving location Date acquired Cost, normal purchase price Full call number Barcode Date last seen Copy number Price effective from Koha item type Public note
          ბათუმის შოთა რუსთაველის სახელმწიფო უნივერსიტეტის მთავარი ბიბლიოთეკა ბათუმის შოთა რუსთაველის სახელმწიფო უნივერსიტეტის მთავარი ბიბლიოთეკა წიგნსაცავი 2021-03-31 237.00 003.24+376.2 S-97 61284 2021-03-31 61284 2021-03-31 წიგნი 237 ლ.